• 首页
  • 本馆介绍
  • 公告通知
  • 最新文献
  • 馆藏检索
  • 电子资源
  • 读者导购
  • 参考咨询
  • 我的图书馆
  • 登录
  • 详细信息显示
  • 放入我的书架
  • 预约/预借图书
  • 作者相关作品
  • 分类相关作品
  • 丛书相关作品
  • 出版社相关作品

书目信息

  • 表格格式
  • 工作单格式
  • 卡片格式
题名:
澳新内幕
    
 
作者: 根室 著 ;符良琼 译
分册:  
出版信息: 上海   上海译文出版社  1979
页数: 457页
开本: 20cm
丛书名:
单 册:
中图分类: C1
科图分类:
主题词: 社会科学--现状 , 社会科学--概况
电子资源:
ISBN:
000 00689nam0 2200265 45
001 0179007177
005 20040505134751.3
010    @dCNY1.45
091    @a3188.10
100    @a19950725d1979 em y0chiy0121 ea
101 1  @achi@ceng
102    @aCN@b310000
105    @ay z 000yy
106    @ar
200 10 @a澳新内幕@Aao xin nei mu@f(美)约翰·根室著@F(Mei)Yue Han·Gen Shi Zhu@g符良琼译
210    @a上海@c上海译文出版社@d1979
215    @a457页@d20cm
300    @a内部发行
606 0  @a社会科学@x现状
606 0  @a社会科学@x概况
690    @aC1@v3
701  0 @a根室@4著
702  0 @a符良琼@Afu liang qiong@4译
801  0 @aCN@bNLC@c20040304
905    @dC1@e11@f1@b10346
    
    澳新内幕/(美)约翰·根室著/符良琼译.-上海:上海译文出版社,1979
    457页;20cm
    内部发行
    
    ISBN :CNY1.45
    
●
相关链接 在E读中查询图书 在五车中查询图书 在当当中查询图书 在豆瓣中查询图书


正题名:澳新内幕     索取号:C1/11         预约/预借

序号 登录号 条形码 馆藏地/架位号 状态 备注
1 0010345   001853480   密集书库/ [索取号:C1/11] 在馆    
2 0010346   001121422   第一样本阅览室/ [索取号:C1/11] 在馆    
唐山师范学院图书馆 欢迎您!
大连网信软件有限公司© 版权所有